[Event "FIDE-WM Finale"]
[Site "Moskau"]
[Date "2002.01.16"]
[Round "1"]
[White "Ponomariov, R."]
[Black "Ivanchuk, V."]
[Result "1-0"]
[WhiteElo "2727"]
[BlackElo "2717"]
[Annotator "Wiechert,H"]
[PlyCount "45"]
[EventDate "2002.??.??"]
[WhiteTeam "Ukraine"]
[BlackTeam "Ukraine"]
[WhiteTeamCountry "UKR"]
[BlackTeamCountry "UKR"]

1. e4 e6 {Der Franzose soll es also richten ...} 2. d4 d5 3. Nc3 Nf6 {
Das Rubinsteinsystem ist wieder in Mode gekommen, nicht zuletzt dank Alexander
Morozevich, der es wieder "hoffaehig"gemachthat!} 4. Bg5 dxe4 5. Nxe4 Be7 {
Natuerlich kein neuer Zug, jedoch neu aus der Hand von Vassily!} ({
Bisher spielte "Chuki" auschliesslich} 5... Nbd7 {
, jedoch mit nur bescheidenem Erfolg, man sehe:} 6. Nxf6+ Nxf6 7. Nf3 h6 8. Bh4
(8. Be3 Bd6 9. Qd2 Bd7 10. Bd3 Qe7 11. O-O-O Ng4 12. Rhe1 Bc6 13. Qe2 Nxe3 14.
Qxe3 O-O-O 15. Be4 Qf6 16. g3 Bxe4 17. Qxe4 Rd7 18. Rd3 Rhd8 19. a3 c6 20. Kb1
Bc7 21. Red1 h5 22. R1d2 Qf5 23. Qe3 Ba5 24. Rd1 Bc7 25. h4 a6 26. Ng5 Bb6 27.
f4 c5 28. dxc5 Bxc5 29. Rxd7 Rxd7 30. Qe1 Rxd1+ 31. Qxd1 f6 32. Nf3 Qe4 33. Ne1
Bf2 34. Nd3 Bxg3 35. Qg1 Bxf4 36. Qxg7 Qh1+ 37. Ka2 Qd5+ 38. b3 Qf5 39. Qf8+
Kc7 40. Qe7+ Kc8 41. Qe8+ Kc7 42. Qe7+ {
1/2-1/2 Yermolinsky,A-Ivanchuk,V/Luzern 1997/CBM 62 (42).}) 8... c5 9. Bb5+ Bd7
10. Bxd7+ Qxd7 11. Qe2 Be7 12. O-O-O O-O 13. dxc5 Qc6 14. Kb1 Rfd8 15. Rhe1
Qxc5 16. Ne5 Rxd1+ 17. Rxd1 Rd8 18. Rxd8+ Bxd8 19. Nd3 Qc4 20. Bg3 Nd5 21. a3
Bf6 22. Be5 Bxe5 23. Qxe5 Qg4 24. Qb8+ Kh7 25. Qxb7 f5 26. Qc6 Qe4 27. g3 a5
28. Qd6 a4 29. Qe5 Qc4 30. Qe2 Qc6 31. Nb4 Qc5 32. Qxe6 Nxb4 33. axb4 Qxf2 34.
c3 g5 35. Ka2 f4 36. gxf4 gxf4 37. b5 f3 38. b6 a3 39. Qd7+ Kg6 40. Qd6+ Kh5
41. Kxa3 Qe3 42. Qd5+ Kh4 43. b7 Qa7+ 44. Kb3 Qb6+ 45. Kc2 f2 46. Qf5 {
1-0 Anand,V-Ivanchuk,V/Linares 1992/m(2) (46).}) 6. Bxf6 Bxf6 {So spielt auch
Mikhail Gurevich, ein ehemaliger Landsmann Ivanchuks, der jetzt fuer Belgien
an den Start geht.} (6... gxf6 {wird von Morozevich bevorzugt, doch gerade
gegen diesen konnte Ponomariov an der FIDE-WM eine Verstaerkung fuer Weiss
praesentieren, daher ist Ivanchuks Wahl verstaendlich.} 7. Nf3 a6 8. Qe2 b5 9.
g3 Bb7 10. Bg2 Bd5 11. c3 Nd7 12. b3 $1 $146 O-O 13. O-O f5 14. Ned2 c5 15. c4
Bc6 16. Rad1 Rc8 17. d5 exd5 18. Qd3 bxc4 19. bxc4 Ba4 20. Rb1 dxc4 21. Qxf5
Rc6 22. Nxc4 Rf6 23. Qh5 Rg6 24. Rfe1 Bf6 25. Ne3 Bc3 26. Rec1 Bd4 27. Nf5 Qf6
28. N5xd4 cxd4 29. Qd5 Bc6 30. Qxd4 Bxf3 31. Qxd7 Bxg2 32. Kxg2 h5 33. Rb3 Qf4
34. Re3 h4 35. Rc6 hxg3 36. hxg3 Qh6 37. Rec3 Qh7 38. Rxg6+ fxg6 39. Rc7 Qxd7
40. Rxd7 Rf6 41. a4 Kf8 42. Ra7 Ke8 43. f4 g5 44. fxg5 Rg6 45. Kf3 Rxg5 46.
Rxa6 Kf7 47. Rc6 Rd5 48. Rc4 Rd1 49. g4 Kf6 50. Ke4 Ke6 51. Rc6+ Kd7 52. Rc5
Kd6 53. Rb5 Kc6 54. Rf5 Kd6 55. a5 Ra1 56. Kf4 Ke6 57. Kg5 Ra4 58. a6 Ke7 59.
Rf6 Rxg4+ 60. Kxg4 {1-0 Ponomariov,R-Morozevich,A/FIDE-WM Moskau 2001 (60).})
7. Nf3 O-O 8. Qd2 Be7 9. O-O-O {
Die heterogenen Rochaden versprechen einen spannenden Kampf.} 9... Qd5 10. Nc3
Qa5 11. a3 $1 $146 {
Ein logischer Zug, der schwarzes Bf8-b4 unterbindet, und doch eine Neuerung!} (
{Bisher wurde lediglich} 11. Ne5 {gezogen, wonach Schwarz ausgleichen kann:}
11... Bb4 12. Nc4 Bxc3 13. Nxa5 Bxd2+ 14. Rxd2 b6 15. Nc4 Bb7 16. Ne3 (16. Ne5
Rd8 17. f3 Nd7 18. Bc4 Rac8 19. Rhd1 Kf8 20. c3 Ke7 {
1/2-1/2 Napias-Mellado Trivino,J/Cordoba 1990/EXT 98 (20).}) 16... Nd7 17. Bb5
Nf6 18. f3 Rfd8 19. Rhd1 Kf8 {1/2-1/2 Ehlvest,J-Khalifman,A/Japfa 2000 (19).})
11... Nd7 {Es ist schwierig fuer Schwarz, einen geeigneten Plan zu finden. Der
Springerzug soll zunaechst einmal weisses Se5 unterbinden.} 12. Kb1 {
Prophylaxe.} 12... Qb6 {plant c7-c5.} 13. Qe3 $1 {
Verhindert die schwarze Absicht, denn auf} 13... Nf6 (13... c5 {
wuerde jetzt stark} 14. Nd5 $1 {folgen, z.B.} 14... exd5 15. Qxe7 cxd4 16. Qh4
$1 Nf6 17. Bd3 Be6 18. Rhe1 Rac8 19. Qxd4 {
mit weissem Vorteil aufgrund des Isolanis auf d5.}) 14. Ne5 Rd8 {Schwarz will
den Laeufer c8 ueber d7 nach e8 ueberfuehren und dann c7-c5 durchdruecken.} 15.
Bc4 Bd7 16. Bb3 Be8 17. Rhe1 Bf8 ({Auf} 17... c5 {folgt} 18. d5 $1 exd5 19.
Nxd5 Nxd5 20. Rxd5 Rxd5 21. Bxd5 Bf6 22. Nc4 Qb5 23. Qb3 $3 Qxb3 24. cxb3 {
, und Schwarz, der einen Bauern geben muss, steht am Abgrund. Das Problem des
Schwarzen besteht im Folgenden darin, dass c7-c5 nicht durchsetzbar und
Schwarz daher zu voelliger Passivitaet verurteilt ist.}) 18. g4 $1 {
Die Lawine rollt!} 18... Nd5 19. Qf3 c6 $6 {Das weiss nicht zu gefallen.} (
19... Nxc3+ 20. Qxc3 Be7 {war vorzuziehen.}) 20. Ne4 $1 Qc7 21. c4 $1 {
Schwarz wird auf ganzer Front zurueckgedraengt!} 21... Ne7 22. Ng5 $1 {
Nun wird Schwarz fuerchterlich ausgepeitscht.} 22... Nc8 23. c5 $1 {
Ein letzter Hieb, es droht vernichtend Sexf7.} (23. c5 Rd5 (23... h6 24. Nxe6
$1 fxe6 25. Bxe6+ Kh7 26. Qxf8 Ne7 $8 27. f4 $18) 24. Qe4 $1 g6 25. Bxd5 cxd5
26. Qf4 $18 {, daher ...}) 1-0

[Event "FIDE-WM Finale"]
[Site "Moskau"]
[Date "2002.01.18"]
[Round "3"]
[White "Ponomariov, R."]
[Black "Ivanchuk, V."]
[Result "1/2-1/2"]
[WhiteElo "2727"]
[BlackElo "2717"]
[Annotator "Wiechert,H"]
[PlyCount "93"]
[EventDate "2002.??.??"]
[SourceDate "2001.10.05"]
[WhiteTeam "Ukraine"]
[BlackTeam "Ukraine"]
[WhiteTeamCountry "UKR"]
[BlackTeamCountry "UKR"]

1. e4 c5 $1 {Das ist der Zug, der mir die Lust an 1.e4 verdarb, das Problem
dabei ist einfach, dass man unheimlich viel Theorie kennen muss und quasi zum
Angreifen verdammt ist, was nicht jedem schmeckt.} 2. Nf3 e6 3. d4 cxd4 4. Nxd4
Nc6 5. Nc3 (5. Nb5 {ist die prinzipielle Alternative, die Kasparov einst einen
Glanzsieg gegen Karpov einbrachte, hier ist noch einmal die Partie von damals
zum Geniessen:} 5... d6 6. c4 Nf6 7. N1c3 a6 8. Na3 d5 9. cxd5 exd5 10. exd5
Nb4 11. Be2 Bc5 12. O-O O-O 13. Bf3 Bf5 14. Bg5 Re8 15. Qd2 b5 16. Rad1 Nd3 17.
Nab1 h6 18. Bh4 b4 19. Na4 Bd6 20. Bg3 Rc8 21. b3 g5 22. Bxd6 Qxd6 23. g3 Nd7
24. Bg2 Qf6 25. a3 a5 26. axb4 axb4 27. Qa2 Bg6 28. d6 g4 29. Qd2 Kg7 30. f3
Qxd6 31. fxg4 Qd4+ 32. Kh1 Nf6 33. Rf4 Ne4 34. Qxd3 Nf2+ 35. Rxf2 Bxd3 36. Rfd2
Qe3 37. Rxd3 Rc1 38. Nb2 Qf2 39. Nd2 Rxd1+ 40. Nxd1 Re1+ {
0-1 Karpov,A-Kasparov,G/WM 1985 32.Partie (40)}) 5... Qc7 6. g3 {Das Fianchetto
des Koenigslaeufers wird in letzter Zeit immer haeufiger gespielt.} 6... a6 7.
Bg2 d6 8. O-O Bd7 {Schwarz stellt die Entwicklung seines Koenigsspringers
zunaechst zurueck und wartet auf einen guenstigeren Augenblick.} 9. Nxc6 Bxc6
10. Re1 Be7 11. Qg4 {Er will die natuerliche Entwicklung des Nachziehenden
stoeren, der folgende Zug ist fast erzwungen.} 11... h5 $1 12. Qe2 (12. Qxg7 $4
Bf6 {waere weniger stark ...}) 12... h4 {Schwarz beeilt sich nicht mit der
Rochade, die sowieso kaum mehr moeglich ist und oeffnet dem Turm h8 die
h-Linie.} 13. a4 {Um b7-b5 prophylaktisch zu unterbinden.} 13... hxg3 14. hxg3
Rc8 15. a5 $1 {Weiss haelt sich an das Motto des ehemaligen Heidelberger
Bundesligaspielers Matthias Steinbacher: Wenn dir nichts mehr einfaellt, dann
mache einfach einen Randbauernzug, der ist meistens gut!} 15... Kf8 $146 {
Erstaunlich, dass Schwarz hier scheinbar beliebig auf Entwicklungszuege
verzichten kann. Vielleicht ist der g3-Aufbau eben doch ein wenig stumpf.} (
15... Nf6 16. Be3 e5 17. Na4 Bxa4 18. Rxa4 Qxc2 19. Qxc2 Rxc2 20. Rb4 Rc7 21.
Bb6 Rc8 22. Ba7 Rc7 23. Bb6 Rc8 24. Ba7 {
1/2-1/2 Berkvens,J-Rohde,U/Germany 2000/EXT 2001 (24).}) 16. Be3 {Die Stellung
ist nun in etwa ausgeglichen. Ich moechte mich an dieser Stelle zuruecklehnen
und die Partie sich selbst ueberlassen, denn die folgenden Zuege erscheinen
mir allesamt logisch, genauso wie das daraus resultierende Ergebnis. Die
Remisbreite wurde in dieser Partie nie ueberschritten, wie mir auch Shredder
bestaetigte, dessen Bewertung der Stellung im Folgenden meistens zwischen 0
und 0.5 schwankte.} 16... Nf6 17. Bb6 Qb8 18. Bf3 Nd7 19. Bd4 Bf6 20. Bxf6 gxf6
21. Bg2 Ne5 22. f4 Qa7+ 23. Kf1 Ng6 24. Qf2 Qxf2+ 25. Kxf2 Rh5 26. Rh1 Rc5 27.
Rh7 Ke7 28. Bf1 Nf8 29. Rh8 Bb5 30. Bd3 Bxd3 31. cxd3 Nd7 32. Rxc8 Rxc8 33. d4
Rc4 34. Ra4 Rxa4 35. Nxa4 {Hier wird jetzt "+0.83" angezeigt, aber es zeigt
sich, dass Weiss nach dem folgenden Zug keinen Nutzen aus dem schwarzen
Doppelbauern auf der f-Linie ziehen kann.} 35... f5 $1 36. exf5 exf5 37. Nc3
Nf6 38. d5 Nd7 39. b4 Nf6 40. Ke3 Kd7 41. Kd4 Nh5 42. Ne2 Nf6 43. Kc4 Ne4 44.
b5 axb5+ 45. Kxb5 Kc7 46. Kc4 Kb8 47. Kb4 {
Ein von beiden Seiten korrekt gespielte, aber etwas langweilige Partie.}
1/2-1/2

[Event "FIDE-WM Finale"]
[Site "Moscow"]
[Date "2002.01.19"]
[Round "4"]
[White "Ivanchuk, V."]
[Black "Ponomariov, R."]
[Result "1/2-1/2"]
[WhiteElo "2717"]
[BlackElo "2727"]
[Annotator "Wiechert,H"]
[PlyCount "100"]
[EventDate "2002.??.??"]
[SourceDate "2001.10.05"]
[WhiteTeam "Ukraine"]
[BlackTeam "Ukraine"]
[WhiteTeamCountry "UKR"]
[BlackTeamCountry "UKR"]

1. d4 {Ivanchuk scheint sich in diesem Match auf den Damenbauern eingeschworen
zu haben!} 1... d5 2. c4 dxc4 {Auch Ponomariov zeigt Prinzipientreue!} 3. e4
Nf6 4. e5 Nd5 5. Bxc4 Nb6 6. Bb3 {Das ist der andere Hauptzug.} ({
In der 2.Partie bevorzugte Ivanchuk} 6. Bd3) 6... Nc6 7. Ne2 (7. Nf3 {ist wegen
} 7... Bg4 {nicht zu empfehlen, und d4 wird zum Angriffsobjekt.}) 7... Bf5 (
7... Bg4 $5) 8. Nbc3 e6 9. O-O Qd7 10. Be3 O-O-O {Die heterogenen Rochaden
versprechen, wie schon in der 1.Partie, eine spannende Kampfpartie!} 11. Qc1 $5
$146 {Eine Neuerung, deren Idee darin besteht, den Turm nach d1 zu stellen, um
d4 zu decken und dann mit dem Springermanoever Se2-f4-d3-c5 Druck am
Damenfluegel zu machen. Die bisher gespielten Alternativzuege:} (11. Rc1 f6 12.
exf6 gxf6 13. Ng3 Bg6 14. Qf3 Na5 15. Nge4 Nxb3 16. Nxf6 Qf7 17. axb3 a6 18.
Bf4 c6 19. Na4 Nd5 20. Nb6+ {
1-0 Skatchkov,P-Donchenko,A/Tula 1999/EXT 2000 (20).}) (11. a3 f6 (11... Kb8
12. Ba2 Ne7 13. f3 f6 14. Bf2 Nc6 15. exf6 gxf6 16. Ne4 Be7 17. b4 Bxe4 18.
fxe4 f5 19. exf5 exf5 20. b5 Na5 21. Qd3 Nd5 22. Be1 b6 23. Rxf5 Nf6 24. Bg3
Nb7 25. Raf1 Rhf8 26. Be5 Ng4 27. Rxf8 Bxf8 28. Bg3 Bd6 29. Rf7 Qe8 30. Rxh7
Nf6 31. Rf7 Bxg3 32. Nxg3 Qe1+ 33. Nf1 Ne4 34. Qe3 Qa1 35. Qxe4 Nd6 36. Qh4
Nxf7 37. Bxf7 Rf8 38. Bc4 Qxa3 39. Qe4 Qb4 40. Be2 Rd8 41. h4 Qxd4+ 42. Qxd4
Rxd4 43. h5 Kc8 44. Kf2 Kd7 45. g4 Ke6 46. Ng3 Kf6 47. Ke3 Ra4 48. Ne4+ Ke5 49.
Bd3 Ra1 50. g5 Rh1 51. Be2 Rh4 52. Bf3 Ke6 53. g6 Ke7 54. Kf2 Rf4 55. Kg3 Rf5
56. h6 {1-0 Dao Thien Hai-Hatanbaatar,B/Istanbul 2000/EXT 2001 (56).}) 12. exf6
gxf6 13. Ng3 Bg6 14. Qe2 Kb8 15. Rfd1 Ne7 16. Nge4 Ned5 17. Nc5 Qe8 18. Rac1
Bh5 19. f3 Rg8 20. Nxd5 Nxd5 21. Bxd5 exd5 22. Re1 Bd6 23. Nd3 Qe6 24. Kh1 Rde8
25. Qd2 Bxf3 26. gxf3 Qh3 {0-1 Mohr,S-Huebner,R/SUI 1996/CBM 55 ext (26).}) (
11. Bc2 f6 (11... Bxc2 12. Qxc2 f5 13. a3 Rg8 14. b4 g5 15. b5 Ne7 16. f3 Nbd5
17. Bf2 h5 18. a4 Kb8 19. a5 g4 20. f4 h4 21. Nxd5 Nxd5 22. Bxh4 Be7 23. Bxe7
Qxe7 24. a6 c6 25. bxc6 b6 26. Rf2 Rc8 27. Nc3 g3 28. hxg3 Ne3 29. Qd3 Ng4 30.
Rfa2 Rxc6 31. Kf1 Rgc8 32. Rc1 Qh7 33. Ke2 Qc7 34. Rac2 Rc4 35. d5 Qc5 36. Kf3
Rxc3 37. Qxc3 Qxd5+ 38. Ke2 Rxc3 39. Rxc3 Qxg2+ 40. Kd1 Qf1+ 41. Kc2 Qxa6 42.
Kb2 Nf2 {0-1 Mecking,H-Disconzi da Silva,R/Sao Paulo 1995/CBM 47 ext (42).})
12. exf6 gxf6 13. Bxf5 exf5 14. Qb3 Nd5 15. Rad1 Bb4 16. Nxd5 Qxd5 17. Qxd5
Rxd5 18. a3 Be7 {1/2-1/2 Szymanski,M-Makarov,M/Bydgoszcz 2000/CBM 76 ext (18).}
) (11. a4 Bb4 12. Na2 Be7 13. Nac3 Bb4 14. Na2 Ba5 15. Bg5 Rdf8 16. Bd2 Rd8 17.
Bc3 Qe7 18. Qe1 Bxc3 19. Qxc3 Nd5 20. Qg3 Ndb4 21. Nxb4 Qxb4 22. Qc3 a5 23.
Qxb4 axb4 24. Rfd1 Na5 25. Ba2 Bc2 26. Rd2 Bb3 27. Rd3 Bxa2 28. Rxa2 Rd7 29.
Ra1 Rhd8 30. Rf3 Nc6 31. h4 Re7 32. Rf4 Rd5 33. Rc1 Red7 34. Rc4 Kd8 35. f3 Ke7
36. Kf2 f6 37. Rg4 Kf7 38. exf6 gxf6 39. Re4 f5 40. Rf4 Ne7 41. h5 Ra5 42. b3
Kf6 {1/2-1/2 Engqvist,T-Degerman,L/Stockholm 1995/CBM 49 ext (42).}) 11... Nb4
$1 {Schwarz will nun den Springer nach d5 und c7-c6 nebst Kc8-b8 ziehen, um
dann am Koenigsfluegel zum Angriff zu blasen.} 12. Rd1 Kb8 13. Nf4 c6 14. Qd2 {
Weiss muss zunaechst umgruppieren, da Sd3 nicht sofort geht, auch das war ein
Vorzug von} (14. a3 N4d5 15. Nfxd5 Nxd5 16. Nxd5 exd5 {
bringt Weiss nicht viel ein.}) 14... h5 $1 {Auf geht's!} 15. Qe2 h4 16. Rac1
Be7 17. a3 N4d5 18. Nd3 $1 {Weiss verfolgt die oben skizzierte Idee.} 18... f6
{Counterplay!} 19. Bd2 Bxd3 {
Damit wird das Eindringen des Springers auf c5 ein fuer allemal ausgeschaltet.}
20. Qxd3 f5 $1 {Stark gespielt, es droht nun die Bauernlawine g7-g5-g4.} 21.
Ne2 g5 22. Bc2 g4 23. b4 {Es ist klar, dass der Anziehende am Damenfluegel
agieren muss, wenn er noch eine Chance haben will.} 23... Rdf8 $1 {
Bereitet f5-f4 vor.} 24. Rf1 Qd8 $6 {Diesen Zug verstehe ich nicht ganz.} ({
Warum nicht einfach} 24... f4 {?, z.B.} 25. f3 {
Sonst spielt Schwarz selbst f4-f3.} 25... gxf3 26. Rxf3 h3 $1 27. Nxf4 (27.
Rxh3 Rxh3 28. Qxh3 f3 $1 29. gxf3 Rg8+ 30. Ng3 Nf4 $3 31. Bxf4 Qxd4+ 32. Kg2
Qxf4 33. Qxe6 Rxg3+ 34. hxg3 Qxc1 35. Qxe7 Qxc2+ 36. Kf1 Qc1+ 37. Ke2 Qb2+ 38.
Kf1 Nc8 $1 39. Qc5 Qxa3 40. Ke2 b6 41. Qd4 c5 42. bxc5 bxc5 $19) 27... Nxf4 28.
Rxf4 hxg2 29. Rxf8+ Bxf8 $1 30. Kxg2 Rh4 $1 31. Qg3 $1 Qxd4 32. Be3 Qc4 33. Bd1
Qe4+ 34. Qf3 Qg6+ 35. Qg3 Qe4+ 36. Qf3 Qg6+ 37. Qg3 Qh7 $5 38. Bc2 Qh5 39. Bd1
Qh7 40. Bc2 Qh5 41. Bd1 {mit Ausgleich.}) 25. f4 $2 {Das gibt Schwarz recht!} (
25. b5 $1 {war angesagt, mit unklarem Spiel, man sehe:} 25... cxb5 26. Qxb5 f4
27. Be4 $1 f3 28. Nc3 {mit sehr unklarem Spiel.}) (25. Bb3 {ist auch moeglich.}
) 25... gxf3 26. gxf3 Rfg8+ 27. Kh1 h3 $1 28. f4 Rg2 $2 {Schade!} (28... Ne3 $1
{war staerker, man sehe:} 29. Rf3 Ng4 30. Bb3 Rg6 31. Nc3 Bh4 32. Be3 Rh7 33.
Rxh3 Qh8 $1 34. Bg1 Bf2 35. Rxh7 Qxh7 36. Qf1 Rh6 {
, und Weiss bleibt nur das Handtuch.}) 29. Rf3 Qg8 (29... Rh4 $5 {erscheint mir
interessant, mit der Idee, die Dame ueber e8 nach h5 zu ueberfuehren, mit
starkem Angriff).}) 30. Rg3 {Reduziert das Mattmaterial.} 30... Rxg3 31. hxg3
h2 32. Rf1 Qg4 (32... Bf8 $5) 33. Rf2 {Weiss hat ploetzlich ausgeglichen! Ja,
so schenell kann es gehen. Rochadepraesident Alexander Hatz wuerde jetzt sagen:
"Nach n+1 Zuegenkann es schon wieder ganz anders als nach n Zuegen aussehen"!}
33... Qh5 34. Bb3 Nc7 35. Qf3 Qh3 36. Rg2 Nbd5 37. Qf2 Nb5 38. Bxd5 cxd5 39. a4
Na3 40. Rxh2 {Der aergste Feind ist endlich beseitigt!} 40... Qxh2+ 41. Qxh2
Rxh2+ 42. Kxh2 Nc4 43. Bc3 Kc7 44. Kh3 b5 45. axb5 Kb6 $4 {
Ou, ou, da will unser Jungstar aber zu viel ...} (45... Ne3 {war vorzuziehen.})
46. Be1 $4 {... und wird von "Chuki" nicht einmal dafuer bestraft !!!} (46. g4
$3 fxg4+ (46... Ne3 47. g5 Kxb5 48. Bd2 $3 Ng4 (48... Nc2 49. g6 Bf8 50. Ng3
Nxd4 51. Nh5 Nf3 52. Bc1 Ng1+ 53. Kg2 Ne2 54. Be3 $1 d4 55. Kf3 $3 d3 56. g7
Bxg7 57. Nxg7 Kxb4 58. Nxe6 {mit Gewinn.}) 49. Ng3 Kc4 50. Nh5 Kd3 51. Be1 Kxd4
(51... Ke2 52. Bh4 Bxb4 53. g6 Nh6 54. Bg5 Ng8 55. Nf6 Ne7 56. g7 a5 57. Nxd5
$1 Ng8 58. Nf6 a4 59. Nxg8 a3 60. Kh4 $3 a2 61. Kh5 $3 a1=Q 62. Nh6 {
mit Mehrfigur.}) 52. Ng7 $3 Ke3 53. Nxe6 {, und Weiss setzt sich durch.}) 47.
Kxg4 Kxb5 48. Kh5 Bxb4 (48... Ne3 49. Kg6 Bxb4 50. Bxb4 Kxb4 51. Kf6 a5 52.
Kxe6 a4 53. f5 a3 54. Nc1 {mit Gewinn.}) 49. Bxb4 Kxb4 50. Kg5 Nd2 51. Kf6 a5
52. Kxe6 Kc4 53. f5 a4 54. f6 a3 55. Nc1 Nf3 56. Kd6 $1 {mit Gewinn.}) 46...
Ne3 {Jetzt ist es remis.} 47. Bd2 Nc4 48. Be1 Ne3 49. Bd2 Nc4 50. Be1 Ne3 {
Eine nicht ganz fehlerfreie, aber aeusserst spannende Kampfpartie!} 1/2-1/2